| 000 | 00931nas a2200325 4500 | ||
|---|---|---|---|
| 001 | BR0402002 | ||
| 003 | BR-BrBNA | ||
| 005 | 20231205104441.0 | ||
| 007 | ta | ||
| 008 | 230509b bl.|||p| |||| 00| 00por d | ||
| 040 |
_aBR-BrBNA _bpor _cBiblioteca Nacional de Agricultura |
||
| 041 | _a(Pt) | ||
| 072 | _aM12; Q54 | ||
| 100 | 1 | _aMeurer, F. | |
| 100 | 1 | _aHayashi, C. | |
| 100 | 1 | _aBoscolo, W.R. | |
| 245 | 1 | _aFibra bruta para alevinos de tilápia do Nilo (Oreochromis niloticus, L.) | |
| 650 | _aTILÁPIA NILÓTICA | ||
| 650 | _aCELULOSE | ||
| 650 | _aFIBRA BRUTA | ||
| 650 | _aALEVINO | ||
| 650 | _aRAÇÃO | ||
| 650 | _aNUTRIÇÃO ANIMAL | ||
| 650 | _aDIETA | ||
| 650 | _aVALOR NUTRITIVO | ||
| 650 | _aESTATÍSTICA | ||
| 773 | 0 |
_tRevista Brasileira de Zootecnia (Brazil) _xISSN 1516-3598 _g(Mar-Apr 2003), v. 32(2) p. 256-261 _wBR0402002 |
|
| 909 |
_a202311 _bLúcia _c55 _dLúcia Elande |
||
| 942 |
_2AGRIS _n0 _cANA |
||
| 999 |
_c178209 _d178209 |
||